Squash

Bibliographic Details
Main Author: Hawkey, Dicky
Format: Book
Published: London : Ward Lock Ltd. , 1988
Series:Play the game
Subjects:

MARC

LEADER 00000cam a2200000 7i4500
001 0000008826
002 000009624
005 20000330.0
020 |a 070636662X 
090 0 0 |a 796.343   |b HAW 
100 1 |a Hawkey, Dicky 
245 1 0 |a Squash   |c Dick Hawkey 
260 |a London :   |b Ward Lock Ltd. ,   |c 1988 
300 |a 80 p. :   |b ill. ;   |c 23 cm. 
490 0 |a Play the game 
650 0 0 |a Squash rackets (Game) 
999 |a 023525   |b BUKU   |c PINJAMAN   |e PERPUSTAKAAN KOMUNITI PETALING JAYA 
999 |a 023526   |b BUKU   |c PINJAMAN   |e PERPUSTAKAAN KOMUNITI PETALING JAYA